Prudký nárast služieb

Vývoj malého a stredného podnikania vo vybraných odvetviach hospodárstva preukazuje jeho životaschopnosť. Vybrané ukazovatele priemyslu podľa veľkostnej štruktúry podnikov. Vybrané ukazovatele stavebných podnikov podľa veľkostnej štruktúry. Maloobchod a služby.

Saved in:
Bibliographic Details
Main Author: Kačírková, Mária
Format: Book Chapter
Language:Slovak
Subjects:
Tags: Add Tag
No Tags, Be the first to tag this record!

MARC

LEADER 00000naa a2200000 4500
001 r020916
005 20230801104724.1
041 0 |a slo 
044 |a SK 
245 1 0 |a Prudký nárast služieb  |c Mária Kačírková 
520 |a Vývoj malého a stredného podnikania vo vybraných odvetviach hospodárstva preukazuje jeho životaschopnosť. Vybrané ukazovatele priemyslu podľa veľkostnej štruktúry podnikov. Vybrané ukazovatele stavebných podnikov podľa veľkostnej štruktúry. Maloobchod a služby. 
610 2 0 |a Slovensko 
610 2 0 |a 1991-1995 
610 2 0 |a podnik malý 
610 2 0 |a podnik stredný 
610 2 0 |a podnikanie 
610 2 0 |a podnik priemyselný 
610 2 0 |a podnik stavebný 
610 2 0 |a maloobchod 
610 2 0 |a služby 
100 1 |a Kačírková, Mária